[Event "GRE-ch U16"]
[Site "Kallithea"]
[Date "2010.06.26"]
[Round "1"]
[White "Terzakis, Athanasios"]
[Black "Boutsioukis, Nikolaos"]
[Result "0-1"]
[WhiteElo "1712"]
[BlackElo "1959"]
[PlyCount "56"]
[EventDate "2010.06.26"]
[EventType "swiss"]
[EventRounds "9"]
[EventCountry "GRE"]
[SourceTitle "CBM 137 Extra"]
[Source "ChessBase"]
[SourceDate "2010.09.01"]
[SourceVersion "1"]
[SourceVersionDate "2010.09.01"]
[SourceQuality "1"]

1. c4 e5 2. Nc3 Bb4 3. f4 exf4 4. Nf3 Nf6 5. a3 Bxc3 6. dxc3 0-0 7. Bxf4 d6 8. g3 Re8 9. Bg2 Nc6 10. Qd3 Ne4 11. 0-0 g5 12. Bc1 h6 13. Nd4 Qe7 14. b4 Qe5 15. Nxc6 bxc6 16. Qd4 Ba6 17. Bb2 Qxd4+ 18. cxd4 Bxc4 19. Rac1 d5 20. Rc2 Re7 21. Bxe4 Rxe4 22. Rf6 Bb5 23. e3 Rxe3 24. Rcf2 Bd3 25. Rxf7 Re1+ 26. Kg2 g4 27. R2f6 Re2+ 28. Rf2 Rxb2 0-1

[Event "Athens Acropolis op-B 24th"]
[Site "Chalkida"]
[Date "2009.08.14"]
[Round "5"]
[White "Vazelakis, Dimitrios"]
[Black "Terzakis, Athanasios"]
[Result "0-1"]
[WhiteElo "2028"]
[BlackElo "1647"]
[PlyCount "70"]
[EventDate "2009.08.10"]
[EventType "swiss"]
[EventRounds "9"]
[EventCountry "GRE"]
[SourceTitle "CBM 132 Extra"]
[Source "ChessBase"]
[SourceDate "2009.11.03"]
[SourceVersion "1"]
[SourceVersionDate "2009.11.03"]
[SourceQuality "1"]

1. c4 e5 2. Nc3 Nc6 3. g3 f5 4. Bg2 Nf6 5. d3 d6 6. e3 Be7 7. Nge2 0-0 8. 0-0 Bd7 9. Rb1 a5 10. a3 Qe8 11. b4 axb4 12. axb4 Rb8 13. b5 Nd8 14. f4 Nf7 15. Bd2 Bd8 16. Nc1 e4 17. dxe4 fxe4 18. Qc2 d5 19. cxd5 Nd6 20. Nb3 Nxb5 21. Nc5 Na3 22. Qa2 Nxb1 23. Rxb1 Kh8 24. N3xe4 Bf5 25. Nxf6 Bxf6 26. Rc1 Qb5 27. Ne6 Ra8 28. Qc4 Qxc4 29. Rxc4 Bxe6 30. dxe6 Ra1+ 31. Bf1 Rd8 32. Rxc7 Rxd2 33. Rf7 h6 34. e4 Bd4+ 35. Kh1 Rxf1# 0-1